00393nam a2200157Ia 4500003000400000005001700004008004100021040000700062041000800069082002500077100002400102245004300126260004100169300001100210365001400221OSt20230323103259.0210423s2007 xx 000 0 und d cAL aeng a809.93592 223bRAWC aRAWSON (Claude),Ed. aCambridge companion to Henry Fielding. aUKbCambridge University Pressc2007 axv,202 b1376cINR